000 00897nam a22002297a 4500
005 20121210105625.0
008 121210t xxu||||| |||| 00| 0 eng d
010 _aENG-106288
020 _a9788184842234
_c780.00
035 _aEN-89821
037 _bDBAD/PUB
040 _aDPL
_bEng
082 _a378.101
100 _954009
_aDansana, Ashok
245 _aHigher education and sustainable development :
_cedited by Imran Saleem [and] Ashraf Imam
_bnew challenges and opportunities /
260 _aNew Delhi
_bRegal Publications
_c2013
270 _aF-159 Rajouri Garden
_bNew Delhi
_e110027
300 _axi,186p.
_c23cm(Hb)
500 _aIncludes bibliographical references and index
942 _2ddc
_cEN
_mDAN
_h378.101
999 _c71966
_d71966